Justicia municipal / (Record no. 136080)

MARC details
000 -LEADER
campo de control de longitud fija 00540nam a2200157 4500
001 - NÚMERO DE CONTROL
campo de control 136080
003 - IDENTIFICADOR DE NÚMERO DE CONTROL
campo de control ES-MaACL
005 - FECHA Y HORA DE LA ÚLTIMA TRANSACCIÓN
campo de control 20230906195030.0
007 - CAMPO FIJO DE DESCRIPCIÓN FÍSICA--INFORMACIÓN GENERAL
campo de control de longitud fija t|
008 - DATOS DE LONGITUD FIJA--INFORMACIÓN GENERAL
campo de control de longitud fija 070214s1912 sp r ||||1| spa d
100 1# - ENTRADA PRINCIPAL--NOMBRE DE PERSONA
Nombre de persona Ruiz de Obregón, Angel.
9 (RLIN) 100764
245 10 - MENCIÓN DEL TÍTULO
Título Justicia municipal /
Mención de responsabilidad, etc. Angel Ruiz de Obregón.
260 ## - PUBLICACIÓN, DISTRIBUCIÓN, ETC.
Lugar de publicación, distribución, etc. Madrid :
Nombre del editor, distribuidor, etc. Hijos de Reus,
Fecha de publicación, distribución, etc. 1912.
500 ## - NOTA GENERAL
Nota general Publicado en: Revista General de Legislación y Jurisprudencia, 1911, 59 (119), p. 502-513 ; y 1912, 60 (120), p. 64-72 y 222-228.
852 ## - LOCALIZACIÓN
Ubicación ES-MaACL
Número de control de estantería T-1332-F-3
Holdings
Estatus retirado Estado de pérdida Estado de daño No para préstamo Colección Biblioteca de origen Biblioteca actual Ubicación en estantería Fecha de adquisición Fuente de adquisición Total de préstamos Signatura topográfica completa Código de barras Visto por última vez Precio de reemplazo Tipo de ítem Koha
        Colección de folletos Biblioteca del Ateneo de Madrid Biblioteca del Ateneo de Madrid Depósito folletos 17/01/2008     T-1332-F-3 1141627 23/02/2023 23/02/2023 Folleto